| 000 | 00748nam a2200289Ia 4500 | ||
|---|---|---|---|
| 008 | 220216s9999 xx 000 0 und d | ||
| 100 | _aMathew N M | ||
| 245 | 0 | _aEmerging challenges and opportunities in NR technology | |
| 260 |
_bRubber Science _c2012 |
||
| 300 | _a241-252 | ||
| 500 | _aSource Year: 2012 | ||
| 650 | _aChemical modification | ||
| 650 | _aChemical modification | ||
| 650 | _aPrimary processing | ||
| 650 | _aPrimary processing | ||
| 650 | _aProtein allergy | ||
| 650 | _aProtein allergy | ||
| 650 | _aREACH | ||
| 650 | _aREACH | ||
| 650 | _aReclamation | ||
| 650 | _aReclamation | ||
| 650 | _aRetreading | ||
| 650 | _aRetreading | ||
| 650 | _aRubber industry | ||
| 650 | _aRubber industry | ||
| 942 | _cAR | ||
| 999 |
_c46785 _d46785 |
||